|
|
|
|
| LEADER |
01700cas a2200241 a 4500 |
| 001 |
AALejournalIMF008598 |
| 008 |
230101c9999 xx r poo 0 0eng d |
| 020 |
|
|
|c 5.00 USD
|
| 020 |
|
|
|z 9781451838350
|
| 022 |
|
|
|a 1934-7685
|
| 040 |
|
|
|a BD-DhAAL
|c BD-DhAAL
|
| 110 |
2 |
|
|a International Monetary Fund.
|
| 245 |
1 |
0 |
|a Tanzania :
|b Report on the Observance of Standards and Codes-Data Module, Response by the Authorities, and Detailed Assessments Using Data Quality Assessment Framework.
|
| 264 |
|
1 |
|a Washington, D.C. :
|b International Monetary Fund,
|c 2004.
|
| 300 |
|
|
|a 1 online resource (198 pages)
|
| 490 |
1 |
|
|a IMF Staff Country Reports
|
| 500 |
|
|
|a <strong>Off-Campus Access:</strong> No User ID or Password Required
|
| 500 |
|
|
|a <strong>On-Campus Access:</strong> No User ID or Password Required
|
| 506 |
|
|
|a Electronic access restricted to authorized BRAC University faculty, staff and students
|
| 520 |
3 |
|
|a The data module of this Report on the Observance of Standards and Codes (ROSC) of Tanzania provides a summary assessment of practices on the coverage, periodicity, and timeliness of the data categories against the IMF's General Data Dissemination System (GDDS). It is complemented by an assessment of the quality of national accounts, consumer and producer price indices, and government finance, monetary, and balance-of-payments statistics, using the Data Quality Assessment Framework (DQAF) developed by the IMF's Statistics Department (STA).
|
| 538 |
|
|
|a Mode of access: Internet
|
| 830 |
|
0 |
|a IMF Staff Country Reports; Country Report ;
|v No. 2004/082
|
| 856 |
4 |
0 |
|z Full text available on IMF
|u http://elibrary.imf.org/view/journals/002/2004/082/002.2004.issue-082-en.xml
|z IMF e-Library
|